[Event "George Trundle Qualifiers 2016"]
[Site "Auckland"]
[Date "2016.07.14"]
[Round "6.1"]
[White "Nyberg, Michael"]
[Black "Gibbons, Robert E"]
[Result "0-1"]
[LiveChessVersion "1.4.8"]
[BlackElo "2008"]
[WhiteElo "1930"]

1. d4 {[%clk 1:30:57]} d5 {[%clk 1:16:00]} 2. c4 {[%clk 1:31:03]} e6
{[%clk 1:14:55]} 3. Nc3 {[%clk 1:30:54]} Nf6 {[%clk 1:15:04]} 4. cxd5
{[%clk 1:29:45]} exd5 {[%clk 1:15:25]} 5. Bg5 {[%clk 1:30:01]} Be7
{[%clk 1:14:56]} 6. Qc2 {[%clk 1:29:05]} h6 {[%clk 1:13:57]} 7. Bh4
{[%clk 1:24:27]} c6 {[%clk 1:11:03]} 8. e3 {[%clk 1:23:57]} O-O {[%clk 1:10:59]}
9. Bd3 {[%clk 1:24:00]} Re8 {[%clk 1:09:08]} 10. Nf3 {[%clk 1:20:13]} Ne4
{[%clk 1:03:00]} 11. Bxe7 {[%clk 1:04:25]} Qxe7 {[%clk 1:02:30]} 12. O-O
{[%clk 1:04:15]} Nd7 {[%clk 0:52:45]} 13. Rab1 {[%clk 0:59:20]} Ndf6
{[%clk 0:52:32]} 14. Ne5 {[%clk 0:58:53]} Nd7 {[%clk 0:46:11]} 15. Nf3
{[%clk 0:50:13]} Ndf6 {[%clk 0:46:20]} 16. b4 {[%clk 0:48:51]} a6
{[%clk 0:46:40]} 17. a4 {[%clk 0:48:27]} Nxc3 {[%clk 0:38:59]} 18. Qxc3
{[%clk 0:48:15]} Be6 {[%clk 0:38:43]} 19. Qc2 {[%clk 0:45:40]} Rec8
{[%clk 0:38:42]} 20. Rfc1 {[%clk 0:45:13]} Nd7 {[%clk 0:38:28]} 21. Qd2
{[%clk 0:36:58]} Bg4 {[%clk 0:31:36]} 22. Ne1 {[%clk 0:33:21]} Nf6
{[%clk 0:24:27]} 23. f3 {[%clk 0:32:03]} Bd7 {[%clk 0:24:34]} 24. Bc2
{[%clk 0:29:58]} b6 {[%clk 0:22:29]} 25. Nd3 {[%clk 0:22:44]} Bf5
{[%clk 0:21:45]} 26. Re1 {[%clk 0:21:34]} Bxd3 {[%clk 0:22:11]} 27. Qxd3
{[%clk 0:20:54]} c5 {[%clk 0:17:53]} 28. bxc5 {[%clk 0:19:26]} bxc5
{[%clk 0:18:21]} 29. dxc5 {[%clk 0:19:46]} Qxc5 {[%clk 0:18:05]} 30. Rbc1
{[%clk 0:17:53]} g6 {[%clk 0:16:25]} 31. Qb3 {[%clk 0:15:39]} Rab8
{[%clk 0:15:34]} 32. Qd3 {[%clk 0:10:16]} Rb2 {[%clk 0:13:47]} 33. Re2
{[%clk 0:10:16]} Kg7 {[%clk 0:12:11]} 34. Qxa6 {[%clk 0:10:10]} Qc3
{[%clk 0:07:33]} 35. Qa7 {[%clk 0:05:34]} Rc5 {[%clk 0:07:37]} 36. Kf2
{[%clk 0:02:36]} d4 {[%clk 0:07:18]} 37. exd4 {[%clk 0:02:22]} Qxd4+
{[%clk 0:07:37]} 38. Kf1 {[%clk 0:00:48]} Rbxc2 {[%clk 0:07:30]} 39. Rexc2
{[%clk 0:00:50]} Qd3+ {[%clk 0:07:48]} 40. Re2 {[%clk 0:30:35]} Rxc1+
{[%clk 0:37:42]} 41. Kf2 {[%clk 0:31:00]} Ra1 {[%clk 0:34:45]} 42. a5
{[%clk 0:29:06]} Qd1 {[%clk 0:32:28]} 43. Qc7 {[%clk 0:28:50]} Qf1+
{[%clk 0:32:29]} 0-1

[Event "George Trundle Qualifiers 2016"]
[Site "Auckland"]
[Date "2016.07.14"]
[Round "6.2"]
[White "Gong, Daniel Hanwen"]
[Black "Macdonald, Paul"]
[Result "1-0"]
[LiveChessVersion "1.4.8"]
[BlackElo "1989"]
[WhiteElo "2042"]

1. e4 {[%clk 1:30:59]} d6 {[%clk 1:29:58]} 2. Nc3 {[%clk 1:31:11]} Nf6
{[%clk 1:29:50]} 3. f4 {[%clk 1:31:36]} d5 {[%clk 1:27:25]} 4. e5
{[%clk 1:32:02]} d4 {[%clk 1:27:48]} 5. Nce2 {[%clk 1:32:22]} Nh5
{[%clk 1:25:35]} 6. d3 {[%clk 1:28:18]} Bg4 {[%clk 1:04:48]} 7. c4 Nc6 8. g3
{[%clk 1:18:43]} e6 {[%clk 1:03:00]} 9. Bg2 {[%clk 1:11:01]} Bc5 {[%clk 0:42:23]}
10. Nf3 {[%clk 1:09:05]} g6 {[%clk 0:39:52]} 11. h3 {[%clk 1:06:37]} Bxf3
{[%clk 0:40:04]} 12. Bxf3 {[%clk 1:07:04]} Ng7 {[%clk 0:39:04]} 13. Bd2
{[%clk 1:05:06]} Nf5 {[%clk 0:38:03]} 14. Qa4 {[%clk 0:51:24]} Qd7
{[%clk 0:38:17]} 15. Bxc6 {[%clk 0:51:20]} bxc6 {[%clk 0:27:56]} 16. O-O-O
{[%clk 0:50:40]} Be7 {[%clk 0:24:49]} 17. g4 {[%clk 0:49:38]} Nh4
{[%clk 0:23:07]} 18. Nxd4 {[%clk 0:47:58]} c5 {[%clk 0:22:06]} 19. Qxd7+
{[%clk 0:47:23]} Kxd7 {[%clk 0:22:29]} 20. Nb3 {[%clk 0:47:07]} Kc6
{[%clk 0:20:37]} 21. d4 {[%clk 0:31:37]} Rhd8 {[%clk 0:16:00]} 22. dxc5
{[%clk 0:21:59]} Bxc5 {[%clk 0:15:21]} 23. Nxc5 {[%clk 0:21:49]} Kxc5
{[%clk 0:15:37]} 24. b3 {[%clk 0:22:13]} Rd3 {[%clk 0:15:08]} 25. Kc2
{[%clk 0:19:22]} Rad8 {[%clk 0:14:44]} 26. Bb4+ {[%clk 0:19:30]} Kxb4
{[%clk 0:12:00]} 27. Rxd3 {[%clk 0:19:57]} Rxd3 {[%clk 0:11:41]} 28. Kxd3
{[%clk 0:20:19]} c5 {[%clk 0:10:03]} 29. Ke4 {[%clk 0:18:35]} Ka3
{[%clk 0:08:51]} 30. Rh2 {[%clk 0:18:49]} a5 {[%clk 0:09:10]} 31. Rd2
{[%clk 0:19:05]} h5 {[%clk 0:08:33]} 32. Ke3 {[%clk 0:18:33]} Kb4
{[%clk 0:07:54]} 33. Rd7 {[%clk 0:15:42]} Ng2+ {[%clk 0:05:44]} 34. Ke4
{[%clk 0:15:35]} hxg4 {[%clk 0:05:46]} 35. hxg4 {[%clk 0:16:00]} Ne1
{[%clk 0:04:53]} 36. Rxf7 {[%clk 0:15:50]} Nc2 {[%clk 0:04:59]} 37. f5
{[%clk 0:15:55]} gxf5+ {[%clk 0:05:16]} 38. gxf5 {[%clk 0:16:18]} Nd4
{[%clk 0:05:36]} 39. f6 {[%clk 0:16:31]} Ka3 {[%clk 0:05:56]} 40. Ra7
{[%clk 0:46:53]} Kxa2 {[%clk 0:36:23]} 41. Rxa5+ {[%clk 0:47:12]} Kxb3
{[%clk 0:36:29]} 42. Rxc5 {[%clk 0:47:34]} 1-0

[Event "George Trundle Qualifiers 2016"]
[Site "Auckland"]
[Date "2016.07.14"]
[Round "6.3"]
[White "Milligan, Helen"]
[Black "Duneas, John"]
[Result "0-1"]
[LiveChessVersion "1.4.8"]
[BlackElo "2100"]
[WhiteElo "2053"]

1. e4 {[%clk 1:30:57]} Nf6 {[%clk 1:30:49]} 2. e5 {[%clk 1:31:21]} Nd5
{[%clk 1:31:15]} 3. d4 {[%clk 1:31:44]} d6 {[%clk 1:31:40]} 4. Nf3
{[%clk 1:32:01]} Bf5 {[%clk 1:31:33]} 5. Bd3 {[%clk 1:28:41]} Qd7
{[%clk 1:20:53]} 6. Na3 {[%clk 1:25:10]} Nc6 {[%clk 1:17:44]} 7. O-O
{[%clk 1:21:06]} Bg4 {[%clk 1:13:42]} 8. Be4 {[%clk 1:17:04]} dxe5
{[%clk 1:08:16]} 9. dxe5 {[%clk 1:16:31]} O-O-O {[%clk 1:04:41]} 10. c4
{[%clk 1:13:17]} Ndb4 {[%clk 1:02:04]} 11. Qa4 {[%clk 1:07:28]} f5
{[%clk 0:50:36]} 12. exf6 {[%clk 1:04:33]} exf6 {[%clk 0:50:24]} 13. Be3
{[%clk 1:04:24]} a6 {[%clk 0:31:49]} 14. Rad1 {[%clk 0:56:28]} Qe6
{[%clk 0:29:49]} 15. Rxd8+ {[%clk 0:52:04]} Nxd8 {[%clk 0:28:24]} 16. Rd1
{[%clk 0:45:35]} Qxe4 {[%clk 0:24:36]} 17. h3 {[%clk 0:36:43]} Bf5
{[%clk 0:18:58]} 18. Nb5 {[%clk 0:33:02]} Nbc6 {[%clk 0:15:16]} 19. Nc3
{[%clk 0:31:26]} Qc2 {[%clk 0:14:50]} 0-1

[Event "George Trundle Qualifiers 2016"]
[Site "Auckland"]
[Date "2016.07.14"]
[Round "6.4"]
[White "Fan, Allen Chi Zhou"]
[Black "Bennett, Hilton P"]
[Result "1-0"]
[LiveChessVersion "1.4.8"]
[BlackElo "1977"]
[WhiteElo "1843"]

1. Nf3 {[%clk 1:30:57]} Nf6 {[%clk 1:21:01]} 2. c4 {[%clk 1:31:19]} g6
{[%clk 1:21:04]} 3. g3 {[%clk 1:31:44]} Bg7 {[%clk 1:21:24]} 4. Bg2
{[%clk 1:32:08]} O-O {[%clk 1:21:39]} 5. O-O {[%clk 1:32:29]} d6 {[%clk 1:22:01]}
6. Nc3 {[%clk 1:32:53]} c6 {[%clk 1:21:54]} 7. d3 {[%clk 1:31:49]} e5
{[%clk 1:21:46]} 8. Rb1 {[%clk 1:32:00]} a5 {[%clk 1:21:56]} 9. a3
{[%clk 1:32:23]} h6 {[%clk 1:22:05]} 10. b4 {[%clk 1:32:48]} axb4
{[%clk 1:22:29]} 11. axb4 {[%clk 1:33:10]} Re8 {[%clk 1:22:27]} 12. Qc2
{[%clk 1:32:28]} Be6 {[%clk 1:22:11]} 13. b5 {[%clk 1:31:15]} Qd7
{[%clk 1:21:19]} 14. bxc6 {[%clk 1:27:39]} bxc6 {[%clk 1:21:05]} 15. c5
{[%clk 1:26:53]} e4 {[%clk 1:09:09]} 16. dxe4 {[%clk 1:24:48]} d5
{[%clk 0:46:28]} 17. Ne5 {[%clk 1:14:36]} Qe7 {[%clk 0:40:09]} 18. Rxb8
{[%clk 1:14:30]} Rexb8 {[%clk 0:38:28]} 19. Nxc6 {[%clk 1:14:38]} Qxc5
{[%clk 0:38:46]} 20. Nxb8 {[%clk 1:14:07]} Rxb8 {[%clk 0:34:15]} 21. Qd2
{[%clk 1:11:38]} d4 {[%clk 0:31:38]} 22. Nd1 {[%clk 1:10:14]} Nd7
{[%clk 0:24:42]} 23. Nb2 {[%clk 1:09:14]} Nb6 {[%clk 0:19:48]} 24. Nd3
{[%clk 1:09:11]} Qc8 {[%clk 0:19:18]} 25. Qd1 {[%clk 1:03:46]} Nc4
{[%clk 0:16:02]} 26. h4 {[%clk 0:59:09]} Kh7 {[%clk 0:12:27]} 27. Bf4
{[%clk 0:58:04]} Rb5 {[%clk 0:12:07]} 28. Qc2 {[%clk 0:52:10]} Qa6
{[%clk 0:12:08]} 29. Kh2 {[%clk 0:44:12]} Qb6 {[%clk 0:07:29]} 30. Ra1
{[%clk 0:42:48]} g5 {[%clk 0:03:53]} 31. Bc1 {[%clk 0:40:14]} gxh4
{[%clk 0:03:52]} 32. e5 {[%clk 0:38:54]} hxg3+ {[%clk 0:03:32]} 33. Kxg3
{[%clk 0:37:37]} Bf5 {[%clk 0:00:55]} 34. Qxc4 {[%clk 0:37:42]} Qg6+
{[%clk 0:00:46]} 35. Kh2 {[%clk 0:37:09]} Bxe5+ {[%clk 0:00:53]} 36. Nxe5
{[%clk 0:37:01]} Rxe5 {[%clk 0:01:10]} 37. Bf3 {[%clk 0:33:10]} d3
{[%clk 0:00:44]} 38. Bf4 {[%clk 0:32:47]} Be6 {[%clk 0:00:55]} 39. Qxd3
{[%clk 0:32:41]} Qxd3 {[%clk 0:31:05]} 40. exd3 {[%clk 1:03:31]} Rb5
{[%clk 0:29:29]} 41. Kg3 {[%clk 1:03:09]} Rb3 {[%clk 0:29:41]} 42. Kg2
{[%clk 1:02:42]} Rb4 {[%clk 0:28:36]} 43. Bd2 {[%clk 1:02:43]} Rb6
{[%clk 0:27:32]} 44. Be3 {[%clk 1:02:52]} Rd6 {[%clk 0:27:38]} 45. Bc5
{[%clk 1:03:02]} Rd8 {[%clk 0:27:45]} 46. Ra7 {[%clk 1:02:55]} Kg6
{[%clk 0:27:08]} 47. d4 {[%clk 1:03:03]} h5 {[%clk 0:27:06]} 48. Be4+
{[%clk 1:02:30]} f5 {[%clk 0:26:57]} 49. Bf3 {[%clk 1:02:51]} Bd5
{[%clk 0:26:41]} 50. Ra6+ {[%clk 1:03:02]} Kg7 {[%clk 0:27:08]} 51. Bxd5
{[%clk 1:02:51]} Rxd5 {[%clk 0:27:37]} 52. Rd6 {[%clk 1:03:02]} 1-0

[Event "George Trundle Qualifiers 2016"]
[Site "Auckland"]
[Date "2016.07.14"]
[Round "6.5"]
[White "Ang, Alphaeus Wei Ern"]
[Black "Morrell, Gordon"]
[Result "0-1"]
[LiveChessVersion "1.4.8"]
[BlackElo "2077"]
[WhiteElo "2087"]

1. d4 {[%clk 1:30:57]} e6 {[%clk 1:30:53]} 2. c4 {[%clk 1:31:22]} f5
{[%clk 1:31:08]} 3. g3 {[%clk 1:30:05]} Nf6 {[%clk 1:31:29]} 4. Bg2
{[%clk 1:29:55]} Be7 {[%clk 1:30:54]} 5. Nf3 {[%clk 1:29:20]} O-O
{[%clk 1:31:06]} 6. O-O {[%clk 1:28:39]} Ne4 {[%clk 1:24:36]} 7. Qc2
{[%clk 1:23:53]} Nc6 {[%clk 1:18:30]} 8. a3 {[%clk 1:20:11]} Bf6 {[%clk 1:15:55]}
9. d5 {[%clk 1:13:39]} Ne5 {[%clk 1:08:43]} 10. Nxe5 {[%clk 1:04:02]} Bxe5
{[%clk 1:09:06]} 11. f4 {[%clk 1:03:42]} Bf6 {[%clk 1:03:54]} 12. Bxe4
{[%clk 1:03:41]} fxe4 {[%clk 1:04:19]} 13. Qxe4 {[%clk 1:03:58]} Re8
{[%clk 1:02:44]} 14. Nc3 {[%clk 1:00:07]} d6 {[%clk 0:54:17]} 15. Bd2
{[%clk 0:50:34]} c6 {[%clk 0:40:33]} 16. dxe6 {[%clk 0:43:18]} Bxe6
{[%clk 0:37:25]} 17. Qd3 {[%clk 0:36:07]} Qb6+ {[%clk 0:26:17]} 18. Kg2
{[%clk 0:34:26]} Qc5 {[%clk 0:24:33]} 19. Ne4 {[%clk 0:23:32]} Qxc4
{[%clk 0:17:59]} 20. Qxc4 {[%clk 0:23:38]} Bxc4 {[%clk 0:18:17]} 21. Nxd6
{[%clk 0:22:50]} Rxe2+ {[%clk 0:17:17]} 22. Rf2 {[%clk 0:21:20]} Bd5+
{[%clk 0:15:53]} 23. Kf1 {[%clk 0:21:07]} Rxf2+ {[%clk 0:15:33]} 24. Kxf2
{[%clk 0:21:34]} Bxb2 {[%clk 0:13:57]} 25. Rb1 {[%clk 0:19:53]} Bxa3
{[%clk 0:12:49]} 26. Nxb7 {[%clk 0:19:22]} Rb8 {[%clk 0:11:46]} 27. Bc3
{[%clk 0:16:25]} c5 {[%clk 0:09:29]} 28. Ra1 {[%clk 0:16:47]} Bb4
{[%clk 0:08:31]} 29. Bxb4 {[%clk 0:16:54]} cxb4 {[%clk 0:08:55]} 30. Nc5
{[%clk 0:16:12]} Rb5 {[%clk 0:03:27]} 31. Nd3 {[%clk 0:16:27]} a5
{[%clk 0:03:44]} 32. Ke3 {[%clk 0:15:11]} Bb3 {[%clk 0:03:33]} 33. Kd4
{[%clk 0:13:16]} a4 {[%clk 0:02:50]} 34. Nc5 {[%clk 0:12:45]} Bc2
{[%clk 0:02:07]} 35. Rc1 {[%clk 0:11:12]} b3 {[%clk 0:01:26]} 36. Nxa4
{[%clk 0:11:35]} Rb4+ {[%clk 0:01:52]} 37. Kc3 {[%clk 0:09:02]} Rxa4
{[%clk 0:02:09]} 38. Re1 {[%clk 0:09:17]} Ra7 {[%clk 0:02:07]} 39. Re5
{[%clk 0:09:25]} Kf7 {[%clk 0:01:41]} 40. h4 {[%clk 0:39:33]} Rd7
{[%clk 0:31:49]} 41. g4 {[%clk 0:39:35]} Rd3+ {[%clk 0:31:53]} 42. Kb2
{[%clk 0:39:56]} Rg3 {[%clk 0:32:09]} 43. g5 {[%clk 0:40:07]} Rh3
{[%clk 0:32:09]} 44. f5 {[%clk 0:40:05]} Rxh4 {[%clk 0:32:29]} 45. Ra5
{[%clk 0:40:01]} Re4 {[%clk 0:31:32]} 46. Ra7+ {[%clk 0:39:54]} Re7
{[%clk 0:31:46]} 47. Ra5 {[%clk 0:40:16]} Rb7 {[%clk 0:28:53]} 48. Rc5
{[%clk 0:40:36]} h6 {[%clk 0:27:16]} 49. gxh6 {[%clk 0:40:50]} gxh6
{[%clk 0:27:40]} 50. Rc6 {[%clk 0:41:14]} Kg7 {[%clk 0:27:28]} 51. Rg6+
{[%clk 0:40:05]} Kh7 {[%clk 0:27:23]} 52. Rf6 {[%clk 0:40:00]} h5
{[%clk 0:27:33]} 53. Rf8 {[%clk 0:39:56]} Kg7 {[%clk 0:27:43]} 54. Re8
{[%clk 0:39:49]} Bxf5 {[%clk 0:28:01]} 55. Re3 {[%clk 0:40:11]} Bc2
{[%clk 0:28:00]} 56. Re5 {[%clk 0:40:32]} Kg6 {[%clk 0:28:21]} 57. Ra5
{[%clk 0:40:59]} h4 {[%clk 0:28:29]} 58. Ra3 {[%clk 0:41:26]} h3 {[%clk 0:28:41]}
59. Ka1 {[%clk 0:41:50]} b2+ {[%clk 0:29:06]} 60. Ka2 {[%clk 0:42:18]} b1=Q#
{[%clk 0:29:27]} 0-1